|
|
|
|
| LEADER |
00000nam a22000007a 4500 |
| 005 |
20210928123615.0 |
| 007 |
cr|||| |||| |
| 008 |
210928s2020 eu |||||s|||| 00||0 eng d |
| 020 |
|
|
|a 978-92-76-11197-9
|
| 035 |
|
|
|a 33904
|
| 040 |
|
|
|a vLex
|
| 090 |
|
|
|c 12431
|d 12431
|
| 100 |
1 |
|
|a Castellano, Letizia
|
| 245 |
1 |
0 |
|a Gender smart financing investing in & with women
|h [Recurso electrn̤ico] :
|b Opportunities for Europe /
|c Letizia Castellano, Agnieszka Skonieczna
|
| 256 |
|
|
|a Servicio en ln̕ea
|
| 260 |
|
|
|a Bruselas:
|b European Union Publications Office,
|c 2020
|
| 300 |
|
|
|a 1 recurso electrn̤ico
|
| 500 |
|
|
|a Gender-diverse teams produce better results. However, women remain underrepresented when it comes to investment, both as beneficiaries of investment and as decision-makers. In 2018, over 90% of capital raised by tech companies backed by European venture capital (VC) went to teams that did not have a single female founder. This paper discusses the reasons behind the gender investment gap, with a focus on the lack of female investors. Women’s wealth is on the rise and women tend to invest in more long-term and impactful projects. Investing in and with women is thus an opportunity that Europe needs to seize for more sustainable and inclusive growth. InvestEU, the EU investment programme as of 2021, could act as a catalyst of these benefits by stimulating gender-smart financing, i.e. financing that funds, empowers and inspires female founders and investors.
|
| 506 |
1 |
|
|a Disponible solo en los productos indicados
|d vLex Global
|d vLex Global (Academic Edition, excluding Law Schools)
|d vLex Global (U.S. Academic Edition, Law Schools)
|d vLex Global (U.S. Academic Edition, excluding Law Schools)
|d vLex Global (Academic Edition, Law Schools)
|
| 650 |
0 |
4 |
|a Banca y finanzas
|z Unin̤ Europea
|
| 700 |
1 |
|
|a Skonieczna, Agnieszka
|
| 740 |
0 |
|
|a vLex Libros (Servicio en ln̕ea)
|
| 856 |
4 |
0 |
|u https://app.vlex.com/#/sources/33904
|z Acceso restringido
|
| 942 |
|
|
|c BOOK
|
| 999 |
0 |
|
|a Banking and finances
|